Records Autoroutiers Français - Statistiques

Statistiques générales
  • Ce quiz a été pris 97 fois
  • Le résultat moyen est 9 sur 15
Statistiques - réponses
Enoncé Autoroute % Correct
Autoroute avec la section la plus large soit 18 voies sur 1 kilomètre A1/A3
100%
Autoroute de France la plus congestionnée avec 47308 heures par kilomètres perdues en 2004 A7
95%
Autoroute avec la plus grande barrière de péage de France avec 15 voies d'entrées et 27 voies de sorties A7
95%
Autoroute de France la plus fréquentée avec 250 000 véhicules par jours en moyenne A4/A86
94%
Autoroute la plus longue de France avec 565 kilomètres. A10
87%
Autoroute avec la section la plus haute soit 1228 mètres d'altitude A43
66%
Autoroute avec la section la plus raide soit 8% A75
59%
Autoroute avec le viaduc autoroutier le plus long soit 2.46 kilomètres A75
59%
Autoroute la plus insérée dans le développement durable A89/A65
58%
Autoroute la moins fréquentée de France hors antennes avec 8574 véhicules par jours en 2009 A89
56%
Autoroute avec la plus grandes distance entre deux sorties (41 kilomètres). A71
54%
Autoroute avec le tunnel autoroutier 2*1 voies le plus long avec une longueur de 950 mètres A51
53%
Autoroute avec la section la plus basse soit 25 mètres sous le niveau de la mer A50
49%
Autoroute avec la section la plus étroite soit 1 voie et 3.75 mètres de large A557
11%
Autoroute la plus courte de France avec seulement 415 mètres. Elle est seulement composée d'un pont A623
9%
Aucun quiz correspondant
Distribution des résultats
% des personnes avec chaque résultat
Percentile par nombre de réponses
Votre historique - résultats
Vous n’avez pas pris ce quiz